Особенности и проблемы инвестирования физическими лицами в России; Перспективы развития фундаментальных наук; Т. 5 : Экономика и управление
| Источник: | Перспективы развития фундаментальных наук=Prospects of Fundamental Sciences Development: сборник научных трудов XVIII Международной конференции студентов, аспирантов и молодых ученых, г. Томск, 27-30 апреля 2021 г./ Национальный исследовательский Томский политехнический университет (ТПУ) ; под ред. И. А. Курзиной, Г. А. Вороновой.— , 2021 Т. 5 : Экономика и управление.— 2021.— [С. 67-69] |
|---|---|
| Главный автор: | |
| Автор-организация: | |
| Другие авторы: | |
| Примечания: | Заглавие с экрана This paper examines the features in the Russian Federation, compares with the actions of investors in Europe and the United States. To study the problems of investing in the Russian Federation, economic and historical features are studied. |
| Язык: | русский |
| Опубликовано: |
2021
|
| Предметы: | |
| Online-ссылка: | http://earchive.tpu.ru/handle/11683/68339 |
| Формат: | Электронный ресурс Статья |
| Запись в KOHA: | https://koha.lib.tpu.ru/cgi-bin/koha/opac-detail.pl?biblionumber=633381 |
MARC
| LEADER | 00000naa2a2200000 4500 | ||
|---|---|---|---|
| 001 | 633381 | ||
| 005 | 20231101133746.0 | ||
| 035 | |a (RuTPU)RU\TPU\conf\35129 | ||
| 035 | |a RU\TPU\conf\35126 | ||
| 090 | |a 633381 | ||
| 100 | |a 20210816d2021 k y0rusy50 ca | ||
| 101 | 0 | |a rus |d eng | |
| 102 | |a RU | ||
| 105 | |a y z 100zy | ||
| 135 | |a drgn ---uucaa | ||
| 181 | 0 | |a i | |
| 182 | 0 | |a b | |
| 200 | 1 | |a Особенности и проблемы инвестирования физическими лицами в России |d Features and problems of investing by individuals in Russia |f Р. Е. Орловский |g науч. рук. Г. А. Барышева | |
| 203 | |a Текст |c электронный | ||
| 230 | |a 1 компьютерный файл (pdf; 167 Kb) | ||
| 300 | |a Заглавие с экрана | ||
| 320 | |a [Библиогр.: с. 69 (5 назв.)] | ||
| 330 | |a This paper examines the features in the Russian Federation, compares with the actions of investors in Europe and the United States. To study the problems of investing in the Russian Federation, economic and historical features are studied. | ||
| 461 | 1 | |0 (RuTPU)RU\TPU\conf\35054 |t Перспективы развития фундаментальных наук |l Prospects of Fundamental Sciences Development |o сборник научных трудов XVIII Международной конференции студентов, аспирантов и молодых ученых, г. Томск, 27-30 апреля 2021 г. |o в 7 т. |f Национальный исследовательский Томский политехнический университет (ТПУ) ; под ред. И. А. Курзиной, Г. А. Вороновой |d 2021 | |
| 463 | 1 | |0 (RuTPU)RU\TPU\conf\35059 |t Т. 5 : Экономика и управление |v [С. 67-69] |d 2021 | |
| 510 | 1 | |a Features and problems of investing by individuals in Russia |z eng | |
| 610 | 1 | |a электронный ресурс | |
| 610 | 1 | |a труды учёных ТПУ | |
| 610 | 1 | |a инвестирование | |
| 610 | 1 | |a физические лица | |
| 610 | 1 | |a Россия | |
| 610 | 1 | |a инвесторы | |
| 610 | 1 | |a экономические особенности | |
| 610 | 1 | |a финансовые институты | |
| 610 | 1 | |a финансовая грамотность | |
| 700 | 1 | |a Орловский |b Р. Е. | |
| 702 | 1 | |a Барышева |b Г. А. |c экономист |c профессор Томского политехнического университета, доктор экономических наук |f 1961- |g Галина Анзельмовна |2 stltpush |4 727 | |
| 712 | 0 | 2 | |a Национальный исследовательский Томский политехнический университет |b Школа инженерного предпринимательства |c (2017- ) |h 7949 |2 stltpush |3 (RuTPU)RU\TPU\col\23544 |
| 801 | 2 | |a RU |b 63413507 |c 20210902 |g RCR | |
| 856 | 4 | |u http://earchive.tpu.ru/handle/11683/68339 | |
| 942 | |c BK | ||